000 00666nam a2200253Ia 4500
003 OSt
005 20220918163417.0
006 a|||||r|||| 00| 0
007 ta
008 220917b |||||||| |||| 00| 0 eng d
020 _a0 7100 8511 7
024 _a252,091
037 _cTextual
040 _aARTS
_cARTS
_beng
041 _2eng
_aeng
082 _aY74653:1, L8
100 _aSmooha Sammy
_913011
245 0 _aIsrael
_b Pluralism and conflict
260 _aLondon
_bRoutledge and Kegan Paul UK
_c1978
300 _axv,462p.
_ccm.
650 _aSOCIOLOGY
942 _hY74653:1, L8
_cTEXL
_2CC
999 _c119424
_d119424